000 00474nam a22001697a 4500
999 _c10060
_d10060
003 GBCCL
005 20241126110724.0
008 240219b ||||| |||| 00| 0 eng d
040 _cgbc
082 _a227.1007
_bDEA
100 _aDeason, Larry
_97059
245 _aRomans :
_bthe righteousness of God, an in-depth study of Romans
260 _aNewyork :
_bLife communications
_c1989
300 _a403p. ;
650 _aBible
_vNT
_xRomans
_ystudy
_917465
942 _2ddc
_cBK